| Tag |
First Indicator |
Second Indicator |
Subfields |
| LEADER |
00000cam a2200000 4500 |
| 001 |
in00000683321 |
| 005 |
20151015171245.0 |
| 008 |
740214s1973 mnua j 00001 eng |
| 010 |
|
|
|a 72007660
|
| 020 |
|
|
|a 087614038X (lib. bdg.)
|
| 035 |
|
|
|a (OCoLC)00827681
|
| 035 |
|
|
|9 ADA0573AM
|
| 040 |
|
|
|a DLC
|c DLC
|d TXA
|d UtOrBLW
|
| 049 |
|
|
|a TXAM
|c [1338999]
|
| 050 |
0 |
0 |
|a PZ7.H73835
|b Gi
|
| 082 |
0 |
|
|a [E]
|
| 100 |
1 |
|
|a Holmquist, Eve.
|
| 245 |
1 |
4 |
|a The giant giraffe /
|c Illustrated by Joan Hanson.
|
| 264 |
|
1 |
|a Minneapolis :
|b Carolrhoda Books,
|c [1973]
|
| 300 |
|
|
|a 32 unnumbered pages :
|b illustrations ;
|c 27 cm.
|
| 336 |
|
|
|a text
|b txt
|2 rdacontent
|
| 337 |
|
|
|a unmediated
|b n
|2 rdamedia
|
| 338 |
|
|
|a volume
|b nc
|2 rdacarrier
|
| 520 |
|
|
|a The giant giraffe causes an uproar in the town when he tangles his head in the trees and is unable to move.
|
| 700 |
1 |
|
|a Hanson, Joan.
|
| 999 |
|
|
|a MARS
|
| 999 |
f |
f |
|s 179aec34-6e2c-316d-8e8b-c64004fb23fb
|i cfcecd08-3c8b-3d3d-90ea-63dae4d777ba
|t 0
|
| 952 |
f |
f |
|p normal
|a Texas A&M University
|b College Station
|c Sterling C. Evans Library
|d Evans: Library Stacks
|t 0
|e PZ7.H73835 Gi
|h Library of Congress classification
|i unmediated -- volume
|m A14804351078
|
| 998 |
f |
f |
|a PZ7.H73835 Gi
|t 0
|l Evans: Library Stacks
|